[Event "4NCL/Div2/RICA vs. OXF1"]
[Site "Birmingham ENG"]
[Date "2006.04.30"]
[Round "10.1"]
[White "Wall, Gavin"]
[Black "Savage, Ben D"]
[Result "1/2-1/2"]
[WhiteElo "2342"]
[BlackElo "2310"]
[PlyCount "43"]
[EventDate "2006.04.30"]
[EventType "team"]
[EventRounds "11"]
[EventCountry "ENG"]
[SourceDate "2006.04.29"]
[WhiteTeam "Richmond A"]
[BlackTeam "Oxford 1"]

1. e4 c5 2. Nf3 Nc6 3. Nc3 e5 4. Bc4 Be7 5. d3 Nf6 6. Nd2 O-O 7. Nf1 d6 8. Ne3
Be6 9. O-O Qd7 10. a3 Bd8 11. Ncd5 Ng4 12. Nxg4 Bxg4 13. f3 Be6 14. c3 Ne7 15.
Qb3 Nxd5 16. Bxd5 Bxd5 17. Qxd5 Qc6 18. Qxc6 bxc6 19. f4 Bf6 20. g4 exf4 21.
Bxf4 Be5 22. Bxe5 1/2-1/2

[Event "4NCL/Div2/RICA vs. OXF1"]
[Site "Birmingham ENG"]
[Date "2006.04.30"]
[Round "10.2"]
[White "Ozeren, Kemal"]
[Black "Hinks-Edwards, Thomas"]
[Result "1/2-1/2"]
[WhiteElo "2286"]
[BlackElo "2345"]
[PlyCount "36"]
[EventDate "2006.04.30"]
[EventType "team"]
[EventRounds "11"]
[EventCountry "ENG"]
[SourceDate "2006.04.29"]
[WhiteTeam "Oxford 1"]
[BlackTeam "Richmond A"]

1. d4 Nf6 2. Nf3 e6 3. e3 c5 4. Bd3 Nc6 5. c4 d5 6. Nc3 dxc4 7. Bxc4 a6 8. a4
cxd4 9. exd4 Be7 10. O-O O-O 11. Be3 Nb4 12. Qe2 Bd7 13. Ne5 Bc6 14. Nxc6 bxc6
15. a5 Qc7 16. Rfc1 Qb7 17. Na4 Nbd5 18. Bd3 Nb4 1/2-1/2

[Event "4NCL/Div2/RICA vs. OXF1"]
[Site "Birmingham ENG"]
[Date "2006.04.30"]
[Round "10.3"]
[White "Bates, Richard A"]
[Black "Milovanovic, Aleksander"]
[Result "1/2-1/2"]
[WhiteElo "2383"]
[BlackElo "2220"]
[PlyCount "57"]
[EventDate "2006.04.30"]
[EventType "team"]
[EventRounds "11"]
[EventCountry "ENG"]
[SourceDate "2006.04.29"]
[WhiteTeam "Richmond A"]
[BlackTeam "Oxford 1"]

1. d4 d5 2. c4 e6 3. Nf3 c5 4. e3 Nc6 5. Nc3 Nf6 6. a3 cxd4 7. exd4 Be7 8. Bd3
O-O 9. O-O dxc4 10. Bxc4 b6 11. Bg5 Bb7 12. Rc1 Rc8 13. Ba2 Nd5 14. h4 Nxc3 15.
Rxc3 Qd6 16. Qd3 Rcd8 17. Rd1 g6 18. Qe3 Bxg5 19. Qxg5 Ne7 20. h5 Nd5 21. Qh6
Rd7 22. hxg6 fxg6 23. Re1 Qf4 24. Qxf4 Rxf4 25. Ng5 Kh8 26. Rg3 Rxd4 27. Rxe6
Rd1+ 28. Kh2 Nc7 29. Rf6 1/2-1/2

[Event "4NCL/Div2/RICA vs. OXF1"]
[Site "Birmingham ENG"]
[Date "2006.04.30"]
[Round "10.4"]
[White "Shaw, David A"]
[Black "Bisby, Daniel L"]
[Result "0-1"]
[WhiteElo "2200"]
[BlackElo "2274"]
[PlyCount "64"]
[EventDate "2006.04.30"]
[EventType "team"]
[EventRounds "11"]
[EventCountry "ENG"]
[SourceDate "2006.04.29"]
[WhiteTeam "Oxford 1"]
[BlackTeam "Richmond A"]

1. e4 c5 2. Nf3 Nc6 3. d4 cxd4 4. Nxd4 Nf6 5. Nc3 e5 6. Ndb5 d6 7. Bg5 a6 8.
Na3 b5 9. Bxf6 gxf6 10. Nd5 f5 11. c3 Bg7 12. exf5 Bxf5 13. Nc2 O-O 14. Nce3
Be6 15. Bd3 f5 16. Bc2 Rb8 17. Qh5 Qd7 18. g4 e4 19. Nf4 Ne7 20. Nxe6 Qxe6 21.
Bb3 d5 22. gxf5 Qe5 23. Rg1 Kh8 24. Rg3 b4 25. Ke2 bxc3 26. Rag1 Nxf5 27. Nxf5
Rxf5 28. Qh3 Qf4 29. bxc3 Qxf2+ 30. Kd1 e3 31. Kc1 Qd2+ 32. Kb1 Qd3+ 0-1

[Event "4NCL/Div2/RICA vs. OXF1"]
[Site "Birmingham ENG"]
[Date "2006.04.30"]
[Round "10.5"]
[White "Franklin, Michael J"]
[Black "Smallbone, Kieran"]
[Result "1/2-1/2"]
[WhiteElo "2231"]
[BlackElo "2194"]
[PlyCount "35"]
[EventDate "2006.04.30"]
[EventType "team"]
[EventRounds "11"]
[EventCountry "ENG"]
[SourceDate "2006.04.29"]
[WhiteTeam "Richmond A"]
[BlackTeam "Oxford 1"]

1. d4 d5 2. Nf3 Nf6 3. e3 Bf5 4. Bd3 Bxd3 5. Qxd3 c6 6. c4 e6 7. Nc3 Bb4 8. O-O
Nbd7 9. Bd2 a5 10. a3 Be7 11. e4 Nc5 12. dxc5 dxe4 13. Qxd8+ Rxd8 14. Nxe4 Nxe4
15. Bxa5 Ra8 16. Bb4 Bxc5 17. Bxc5 Nxc5 18. Rfd1 1/2-1/2

[Event "4NCL/Div2/RICA vs. OXF1"]
[Site "Birmingham ENG"]
[Date "2006.04.30"]
[Round "10.6"]
[White "Hackett, David G"]
[Black "Simmons, Matthew"]
[Result "0-1"]
[WhiteElo "2167"]
[BlackElo "2060"]
[PlyCount "80"]
[EventDate "2006.04.30"]
[EventType "team"]
[EventRounds "11"]
[EventCountry "ENG"]
[SourceDate "2006.04.29"]
[WhiteTeam "Oxford 1"]
[BlackTeam "Richmond A"]

1. e4 c5 2. Nc3 e6 3. g3 Nc6 4. Bg2 Nge7 5. d3 g6 6. Be3 Qa5 7. Qd2 h5 8. h4
Bg7 9. Nge2 d6 10. O-O Ne5 11. Bf4 N7c6 12. Kh1 b5 13. a3 Bb7 14. Rae1 Qb6 15.
Nd1 a5 16. c3 a4 17. Ne3 Na5 18. Nc1 O-O 19. f3 Nb3 20. Nxb3 axb3 21. g4 hxg4
22. Nxg4 f5 23. Nxe5 dxe5 24. Bh6 f4 25. Bxg7 Kxg7 26. Bh3 Rh8 27. Qf2 Qd8 28.
Qxc5 Rxh4 29. Qxe5+ Qf6 30. Qxf6+ Kxf6 31. Kg2 Rh5 32. Bg4 Rc5 33. d4 Rc7 34.
Rh1 b4 35. e5+ Kg7 36. Bxe6 bxa3 37. Bxb3 axb2 38. e6 Rxc3 39. e7 Bxf3+ 40. Kf2
Bxh1 0-1

[Event "4NCL/Div2/RICA vs. OXF1"]
[Site "Birmingham ENG"]
[Date "2006.04.30"]
[Round "10.7"]
[White "Wilson, Alexandra"]
[Black "Webster, Ian"]
[Result "1/2-1/2"]
[WhiteElo "2099"]
[BlackElo "2119"]
[PlyCount "96"]
[EventDate "2006.04.30"]
[EventType "team"]
[EventRounds "11"]
[EventCountry "ENG"]
[SourceDate "2006.04.29"]
[WhiteTeam "Richmond A"]
[BlackTeam "Oxford 1"]

1. e4 e6 2. d4 d5 3. e5 c5 4. c3 Nc6 5. Nf3 Nge7 6. Bd3 cxd4 7. cxd4 Nf5 8.
Bxf5 exf5 9. O-O Be6 10. Nc3 Be7 11. Qb3 Rb8 12. Bd2 g5 13. Ne2 f4 14. Ne1 Bg4
15. f3 Be6 16. Nd3 Qb6 17. Qxb6 axb6 18. g4 h5 19. h4 hxg4 20. hxg5 gxf3 21.
Nexf4 Nxd4 22. Bc3 Ne2+ 23. Nxe2 fxe2 24. Rf3 Bxg5 25. Bd4 Kd7 26. Rg3 Rbg8 27.
Kg2 Bh3+ 28. Kf3 Rh4 29. Bxb6 Bf5 30. Nf2 Rg6 31. Ba5 Rf4+ 32. Kxe2 Rxf2+ 33.
Kxf2 Bh4 34. Rag1 Ra6 35. Bc3 Rxa2 36. Ke3 Bxg3 37. Rxg3 Ra4 38. Rf3 Ke6 39.
Rf4 b5 40. Rxa4 bxa4 41. Kd4 Bc2 42. Ke3 Kf5 43. Bd4 Ke6 44. Bc3 Kd7 45. Kd4
Kc6 46. Bb4 Kb5 47. Bd6 Be4 48. Ba3 Kc6 1/2-1/2

[Event "4NCL/Div2/RICA vs. OXF1"]
[Site "Birmingham ENG"]
[Date "2006.04.30"]
[Round "10.8"]
[White "Messam-Sparkes, Lateefah"]
[Black "Mitchem, Nicholas D"]
[Result "1/2-1/2"]
[WhiteElo "1785"]
[BlackElo "2060"]
[PlyCount "68"]
[EventDate "2006.04.30"]
[EventType "team"]
[EventRounds "11"]
[EventCountry "ENG"]
[SourceDate "2006.04.29"]
[WhiteTeam "Oxford 1"]
[BlackTeam "Richmond A"]

1. e4 c5 2. Nf3 d6 3. Bc4 e6 4. Nc3 Nc6 5. a3 Nf6 6. d3 Be7 7. Bf4 a6 8. Ba2
O-O 9. O-O b5 10. Ne2 Qb6 11. h3 Bb7 12. Nd2 Rad8 13. Be3 d5 14. Qe1 dxe4 15.
dxe4 Nd4 16. Nxd4 cxd4 17. Bf4 Qc6 18. f3 Qxc2 19. b4 Qc6 20. Rc1 Qe8 21. Qf2
Rd7 22. Nb3 Bd8 23. Be5 Bb6 24. Bxd4 Bxd4 25. Nxd4 Qd8 26. Nb3 Nh5 27. Bb1 Qg5
28. Kh1 Rfd8 29. f4 Qg3 30. Nc5 Rd2 31. Qf3 Bc8 32. e5 g6 33. Be4 Qh4 34. Rc3
Rb2 1/2-1/2

[Event "4NCL/Div2/BRI1 vs. SWD1"]
[Site "Birmingham ENG"]
[Date "2006.04.30"]
[Round "10.1"]
[White "Cobb, Charles"]
[Black "Cooper, John G"]
[Result "1/2-1/2"]
[WhiteElo "2404"]
[BlackElo "2347"]
[PlyCount "75"]
[EventDate "2006.04.30"]
[EventType "team"]
[EventRounds "11"]
[EventCountry "ENG"]
[SourceDate "2006.04.29"]
[WhiteTeam "Bristol 1"]
[BlackTeam "S W Dragons 1"]

1. c4 e6 2. d4 d5 3. Nc3 c5 4. e3 Nf6 5. Nf3 Nc6 6. a3 cxd4 7. exd4 Be7 8. c5
Ne4 9. Bb5 Nxc3 10. bxc3 Qc7 11. O-O O-O 12. Bg5 Bxg5 13. Nxg5 e5 14. Qh5 Bf5
15. Bxc6 bxc6 16. dxe5 Bg6 17. Qe2 Rae8 18. f4 f6 19. Nf3 Bh5 20. Rae1 fxe5 21.
fxe5 Rf4 22. Qd2 Re4 23. Nd4 R8xe5 24. Rxe4 dxe4 25. Qf4 Qe7 26. Nxc6 Qxc5+ 27.
Nd4 Re8 28. Qe3 Qxa3 29. Nf5 Bg6 30. h3 h6 31. Qd4 Bxf5 32. Rxf5 Qe7 33. Ra5 e3
34. Rxa7 Qg5 35. Ra2 Qg3 36. Qd5+ Kh8 37. Qd3 Qe5 38. Re2 1/2-1/2

[Event "4NCL/Div2/BRI1 vs. SWD1"]
[Site "Birmingham ENG"]
[Date "2006.04.30"]
[Round "10.2"]
[White "Cobb, James E"]
[Black "Beaumont, Chris"]
[Result "1/2-1/2"]
[WhiteElo "2365"]
[BlackElo "2329"]
[PlyCount "56"]
[EventDate "2006.04.30"]
[EventType "team"]
[EventRounds "11"]
[EventCountry "ENG"]
[SourceDate "2006.04.29"]
[WhiteTeam "S W Dragons 1"]
[BlackTeam "Bristol 1"]

1. d4 d6 2. g3 g6 3. Bg2 Bg7 4. Nf3 Nf6 5. O-O O-O 6. c4 Nbd7 7. Nc3 e5 8. h3
exd4 9. Nxd4 Nb6 10. b3 d5 11. c5 Nbd7 12. c6 Ne5 13. cxb7 Bxb7 14. Ba3 Re8 15.
Rc1 a6 16. Na4 Ne4 17. Nc5 Nxc5 18. Bxc5 Nd7 19. b4 Nxc5 20. Rxc5 Bf8 21. Rc1
Bxb4 22. Nc6 Bxc6 23. Rxc6 Qd7 24. Qxd5 Qxd5 25. Bxd5 Rxe2 26. Rxc7 Rf8 27. Rd1
a5 28. Rd3 Re7 1/2-1/2

[Event "4NCL/Div2/BRI1 vs. SWD1"]
[Site "Birmingham ENG"]
[Date "2006.04.30"]
[Round "10.3"]
[White "Rudd, Jack"]
[Black "Jones, Richard S"]
[Result "1-0"]
[WhiteElo "2299"]
[BlackElo "2308"]
[PlyCount "107"]
[EventDate "2006.04.30"]
[EventType "team"]
[EventRounds "11"]
[EventCountry "ENG"]
[SourceDate "2006.04.29"]
[WhiteTeam "Bristol 1"]
[BlackTeam "S W Dragons 1"]

1. d4 Nf6 2. c4 g6 3. Nc3 Bg7 4. e4 O-O 5. Nf3 d6 6. Be2 e5 7. O-O Nc6 8. d5
Ne7 9. Ne1 Nd7 10. Be3 f5 11. f3 f4 12. Bf2 g5 13. a4 a5 14. Nd3 b6 15. Nb5 Nf6
16. b4 axb4 17. Qb3 g4 18. Qxb4 g3 19. hxg3 Nh5 20. gxf4 exf4 21. Ra2 Ng3 22.
Nxf4 Nxf1 23. Nh5 Be5 24. Kxf1 Ng6 25. Qd2 Nf4 26. Nxf4 Bxf4 27. Qc3 Rf7 28. g3
Be5 29. Qd2 Qf8 30. f4 Qh6 31. Bf3 Bh3+ 32. Ke1 Qg7 33. Bh5 Bf6 34. Bxf7+ Qxf7
35. Bd4 Re8 36. Nc3 Bg4 37. Qd3 Bxd4 38. Qxd4 Qh5 39. Rf2 Qh1+ 40. Kd2 Qa1 41.
f5 Qb2+ 42. Kd3 Qc1 43. Qe3 Qxe3+ 44. Kxe3 Kf7 45. Kf4 h5 46. Nb5 Re7 47. Nd4
Kf6 48. Rd2 Bh3 49. Nc2 Re8 50. Ne3 Ra8 51. Rh2 Bg4 52. Nxg4+ hxg4 53. Rh7 Ra7
54. Rd7 1-0

[Event "4NCL/Div2/BRI1 vs. SWD1"]
[Site "Birmingham ENG"]
[Date "2006.04.30"]
[Round "10.4"]
[White "Dineley, Richard D P"]
[Black "Buckley, David E"]
[Result "1/2-1/2"]
[WhiteElo "2264"]
[BlackElo "2246"]
[PlyCount "109"]
[EventDate "2006.04.30"]
[EventType "team"]
[EventRounds "11"]
[EventCountry "ENG"]
[SourceDate "2006.04.29"]
[WhiteTeam "S W Dragons 1"]
[BlackTeam "Bristol 1"]

1. e4 c5 2. Nf3 d6 3. d4 cxd4 4. Nxd4 Nf6 5. Nc3 Nc6 6. Bg5 e6 7. Qd2 Be7 8.
O-O-O O-O 9. Nb3 Qb6 10. f3 Rd8 11. Kb1 Qc7 12. Nb5 Qb8 13. Bf4 e5 14. Bg5 Be6
15. c4 Rd7 16. Nc3 Qd8 17. Be3 Ne8 18. Bd3 Na5 19. Nxa5 Qxa5 20. Nd5 Qxd2 21.
Rxd2 Bd8 22. Bc2 Bxd5 23. cxd5 Bb6 24. Bxb6 axb6 25. Rd3 Nc7 26. Rb3 b5 27. Bd3
Ra5 28. Rc1 Kf8 29. Rbc3 Na6 30. Rc8+ Ke7 31. Ra8 b6 32. Bxb5 Rxb5 33. Rxa6 Rb7
34. Rc6 f5 35. a3 fxe4 36. fxe4 Rb3 37. Kc2 Re3 38. Raxb6 Rxb6 39. Rxb6 Rxe4
40. Rb7+ Kf6 41. Rd7 Re2+ 42. Kc3 e4 43. Rxd6+ Ke5 44. Rd7 Rxg2 45. a4 e3 46.
Re7+ Kxd5 47. Rxe3 Rxh2 48. Rg3 g6 49. Rg5+ Kc6 50. b4 Rh3+ 51. Kd2 Rh2+ 52.
Ke3 Rh3+ 53. Kf2 Rh4 54. Rc5+ Kd6 55. Rb5 1/2-1/2

[Event "4NCL/Div2/BRI1 vs. SWD1"]
[Site "Birmingham ENG"]
[Date "2006.04.30"]
[Round "10.5"]
[White "Dilleigh, Stephen P"]
[Black "James, David J"]
[Result "0-1"]
[WhiteElo "2149"]
[BlackElo "2222"]
[PlyCount "98"]
[EventDate "2006.04.30"]
[EventType "team"]
[EventRounds "11"]
[EventCountry "ENG"]
[SourceDate "2006.04.29"]
[WhiteTeam "Bristol 1"]
[BlackTeam "S W Dragons 1"]

1. d4 Nf6 2. c4 e6 3. Nc3 Bb4 4. e3 O-O 5. Bd3 d5 6. Nf3 dxc4 7. Bxc4 c5 8. O-O
cxd4 9. exd4 b6 10. Bg5 Bb7 11. Ne5 Be7 12. Re1 Nc6 13. Ba6 Qc8 14. Bxb7 Qxb7
15. Qf3 Na5 16. Qxb7 Nxb7 17. Nc6 Bd6 18. Bxf6 gxf6 19. Ne4 Kg7 20. d5 exd5 21.
Nxd6 Nxd6 22. Red1 Rfc8 23. Ne7 Rc2 24. Nxd5 Ne4 25. f3 Ng5 26. Rab1 Rd8 27.
Ne3 Rxd1+ 28. Nxd1 Ne6 29. Kf1 Nf4 30. Ne3 Rd2 31. a4 Kf8 32. b3 Ke7 33. Re1
Kd7 34. Rd1 Rxd1+ 35. Nxd1 Kd6 36. Nf2 Kc5 37. Ne4+ Kb4 38. Nxf6 Kxb3 39. g3
Ng6 40. Nxh7 Kxa4 41. Ke2 Kb3 42. Kd2 a5 43. Kc1 a4 44. Kb1 Ne5 45. Ng5 a3 46.
h4 Nc6 47. Ne4 b5 48. h5 a2+ 49. Ka1 Nd4 0-1

[Event "4NCL/Div2/BRI1 vs. SWD1"]
[Site "Birmingham ENG"]
[Date "2006.04.30"]
[Round "10.6"]
[White "Zeidler, Sven P"]
[Black "Curtis, John"]
[Result "1-0"]
[WhiteElo "2203"]
[BlackElo "2126"]
[PlyCount "83"]
[EventDate "2006.04.30"]
[EventType "team"]
[EventRounds "11"]
[EventCountry "ENG"]
[SourceDate "2006.04.29"]
[WhiteTeam "S W Dragons 1"]
[BlackTeam "Bristol 1"]

1. e4 d6 2. d4 Nf6 3. Nc3 e5 4. Nf3 Nbd7 5. Bc4 Be7 6. O-O O-O 7. a4 a5 8. Re1
c6 9. h3 Qe8 10. Nh4 Nb6 11. Ba2 Be6 12. Nf5 Bxa2 13. Rxa2 g6 14. Nxe7+ Qxe7
15. Bg5 Qe6 16. Ra3 Nfd7 17. d5 cxd5 18. Nxd5 Nxd5 19. exd5 Qf5 20. Be7 Rfc8
21. Re2 Ra6 22. Qd2 e4 23. Rc3 Rc5 24. Rxc5 Nxc5 25. b3 Qe5 26. Qg5 Qxg5 27.
Bxg5 f5 28. Re3 Kf7 29. Kf1 Ra8 30. Ke2 Re8 31. Bf4 Ke7 32. g4 Kd7 33. gxf5
gxf5 34. Rg3 Re7 35. Rg8 Rf7 36. Be3 Na6 37. Bb6 Nc7 38. c4 Na6 39. Bxa5 Nc5
40. Rb8 Ke7 41. Bd8+ Kd7 42. Bb6 1-0

[Event "4NCL/Div2/BRI1 vs. SWD1"]
[Site "Birmingham ENG"]
[Date "2006.04.30"]
[Round "10.7"]
[White "Collier, David O"]
[Black "Morris, Charles F"]
[Result "1/2-1/2"]
[WhiteElo "2142"]
[BlackElo "2203"]
[PlyCount "59"]
[EventDate "2006.04.30"]
[EventType "team"]
[EventRounds "11"]
[EventCountry "ENG"]
[SourceDate "2006.04.29"]
[WhiteTeam "Bristol 1"]
[BlackTeam "S W Dragons 1"]

1. d4 d5 2. Nf3 c5 3. e3 Nc6 4. Be2 Nf6 5. O-O e6 6. b3 cxd4 7. exd4 Ne4 8. Bb2
Bd6 9. Nbd2 O-O 10. c4 Qf6 11. Qc2 Nxd2 12. Qxd2 Bf4 13. Qc3 Rd8 14. g3 Bc7 15.
Rad1 Ba5 16. Qc1 Bd7 17. a3 Ne7 18. Ne5 dxc4 19. Nxd7 Rxd7 20. bxc4 Qf5 21. Rd3
Rad8 22. Rfd1 Nc6 23. Qe3 Bb6 24. c5 Ba5 25. Bf3 Ne7 26. Be4 Qh5 27. Bf3 Qf5
28. Be4 Qh5 29. Bf3 Qf5 30. Be4 1/2-1/2

[Event "4NCL/Div2/BRI1 vs. SWD1"]
[Site "Birmingham ENG"]
[Date "2006.04.30"]
[Round "10.8"]
[White "Wilson, Julie"]
[Black "James, Ann-Marie"]
[Result "0-1"]
[WhiteElo "1945"]
[BlackElo "2082"]
[PlyCount "78"]
[EventDate "2006.04.30"]
[EventType "team"]
[EventRounds "11"]
[EventCountry "ENG"]
[SourceDate "2006.04.29"]
[WhiteTeam "S W Dragons 1"]
[BlackTeam "Bristol 1"]

1. d4 d5 2. c4 e6 3. e3 Nf6 4. Nf3 Bb4+ 5. Bd2 Bxd2+ 6. Nbxd2 O-O 7. Bd3 c5 8.
dxc5 Na6 9. O-O Nxc5 10. Bc2 Qe7 11. a3 Rd8 12. Qe2 e5 13. cxd5 Nxd5 14. e4 Nf4
15. Qe3 Bg4 16. Nc4 Bxf3 17. Qxf3 Qg5 18. Rad1 Nce6 19. h4 Qxh4 20. Nxe5 Qg5
21. Nxf7 Kxf7 22. Bb3 Ke7 23. e5 Nc5 24. Bc4 Rxd1 25. Rxd1 Qh5 26. Qxh5 Nxh5
27. b4 Ne6 28. Rd6 Nf8 29. Bd5 Rb8 30. g3 g6 31. Kg2 b6 32. Rc6 Rd8 33. Bc4 Ng7
34. f4 Rd2+ 35. Kf3 Nfe6 36. Ke4 Rg2 37. Bxe6 Nxe6 38. f5 gxf5+ 39. Kxf5 Nd4+
0-1

[Event "4NCL/Div2/WES1 vs. PYO"]
[Site "Birmingham ENG"]
[Date "2006.04.30"]
[Round "10.1"]
[White "Allicock, Rawle A"]
[Black "Rendle, Thomas E"]
[Result "1/2-1/2"]
[WhiteElo "2302"]
[BlackElo "2357"]
[PlyCount "35"]
[EventDate "2006.04.30"]
[EventType "team"]
[EventRounds "11"]
[EventCountry "ENG"]
[SourceDate "2006.04.29"]
[WhiteTeam "Wessex 1"]
[BlackTeam "Perceptron Yth"]

1. d4 e6 2. Nf3 f5 3. g3 Nf6 4. Bg2 Be7 5. O-O O-O 6. c4 d6 7. Nc3 a5 8. Qc2
Nc6 9. Rd1 Qe8 10. Nb5 Bd8 11. Bg5 Qg6 12. a3 e5 13. dxe5 dxe5 14. Be3 e4 15.
Nfd4 Qh5 16. f3 g5 17. Nxc6 bxc6 18. Bc5 1/2-1/2

[Event "4NCL/Div2/WES1 vs. PYO"]
[Site "Birmingham ENG"]
[Date "2006.04.30"]
[Round "10.2"]
[White "Bigg, Andrew J"]
[Black "Webb, Richard M"]
[Result "1/2-1/2"]
[WhiteElo "2281"]
[BlackElo "2302"]
[PlyCount "86"]
[EventDate "2006.04.30"]
[EventType "team"]
[EventRounds "11"]
[EventCountry "ENG"]
[SourceDate "2006.04.29"]
[WhiteTeam "Perceptron Yth"]
[BlackTeam "Wessex 1"]

1. d4 Nf6 2. Bg5 e6 3. e4 h6 4. Bxf6 Qxf6 5. Nf3 d6 6. c3 g6 7. Nbd2 Bg7 8.
Bb5+ Nd7 9. O-O O-O 10. e5 dxe5 11. Bxd7 Bxd7 12. Nxe5 Qe7 13. Re1 Rad8 14. Qb3
Bc8 15. Ndf3 Qd6 16. Qa4 a6 17. b4 b6 18. Rad1 Bb7 19. Qb3 Rfe8 20. a4 Bf8 21.
Qb1 Bg7 22. h4 Qe7 23. Re3 b5 24. Rde1 Bxf3 25. Nxf3 Rd5 26. Qa2 c6 27. axb5
axb5 28. Qa6 Qc7 29. Ne5 Bxe5 30. Rxe5 Red8 31. g3 h5 32. R5e2 Rb8 33. Kg2 Kg7
34. f4 Rdd8 35. Ra1 Ra8 36. Qxa8 Rxa8 37. Rxa8 c5 38. Raa2 cxd4 39. cxd4 Qc4
40. Rad2 Qxb4 41. d5 exd5 42. Rxd5 Qc4 43. Rdd2 b4 1/2-1/2

[Event "4NCL/Div2/WES1 vs. PYO"]
[Site "Birmingham ENG"]
[Date "2006.04.30"]
[Round "10.3"]
[White "Corkett, Anthony R"]
[Black "Player, Edmund C"]
[Result "1/2-1/2"]
[WhiteElo "2354"]
[BlackElo "2122"]
[PlyCount "84"]
[EventDate "2006.04.30"]
[EventType "team"]
[EventRounds "11"]
[EventCountry "ENG"]
[SourceDate "2006.04.29"]
[WhiteTeam "Wessex 1"]
[BlackTeam "Perceptron Yth"]

1. Nf3 d5 2. g3 Nf6 3. Bg2 e6 4. O-O Be7 5. d3 O-O 6. Nbd2 c5 7. e4 Nc6 8. Qe2
b5 9. c3 a5 10. a4 b4 11. e5 Ne8 12. Ne1 f6 13. f4 fxe5 14. fxe5 Rxf1+ 15. Bxf1
bxc3 16. bxc3 Rb8 17. Bh3 Nc7 18. Ng2 Qe8 19. Nf4 g5 20. Nh5 Qg6 21. g4 Ba6 22.
Bf1 Ne8 23. Nf3 Ng7 24. Ng3 Kh8 25. Qe3 h6 26. Ba3 Qf7 27. d4 cxd4 28. Nxd4
Nxd4 29. cxd4 Bxa3 30. Qxa3 Bc4 31. Bxc4 dxc4 32. Rf1 Qg6 33. Qd6 Rb2 34. Qd8+
Kh7 35. Rf8 Rb1+ 36. Nf1 Rxf1+ 37. Rxf1 Qe4 38. h3 Qe3+ 39. Kg2 Qe4+ 40. Rf3
Qe2+ 41. Rf2 Qe4+ 42. Kh2 Qe3 1/2-1/2

[Event "4NCL/Div2/WES1 vs. PYO"]
[Site "Birmingham ENG"]
[Date "2006.04.30"]
[Round "10.4"]
[White "Eckersley-Waites, Tom"]
[Black "Upton, Ian J"]
[Result "0-1"]
[WhiteElo "2111"]
[BlackElo "2259"]
[PlyCount "42"]
[EventDate "2006.04.30"]
[EventType "team"]
[EventRounds "11"]
[EventCountry "ENG"]
[SourceDate "2006.04.29"]
[WhiteTeam "Perceptron Yth"]
[BlackTeam "Wessex 1"]

1. e4 e6 2. d4 d5 3. Nd2 c5 4. exd5 Qxd5 5. Ngf3 cxd4 6. Bc4 Qd6 7. O-O Nf6 8.
Nb3 Nc6 9. Nbxd4 Nxd4 10. Nxd4 a6 11. a4 Qc7 12. b3 Bd6 13. h3 O-O 14. Bb2 Bd7
15. Qf3 Rae8 16. Rad1 Bc5 17. Rfe1 Re7 18. Bd3 Rfe8 19. Re2 Bc8 20. c4 Bxd4 21.
Bxd4 e5 0-1

[Event "4NCL/Div2/WES1 vs. PYO"]
[Site "Birmingham ENG"]
[Date "2006.04.30"]
[Round "10.5"]
[White "Simons, Martin J"]
[Black "Levermore, Peter A"]
[Result "1/2-1/2"]
[WhiteElo "2293"]
[BlackElo "2086"]
[PlyCount "98"]
[EventDate "2006.04.30"]
[EventType "team"]
[EventRounds "11"]
[EventCountry "ENG"]
[SourceDate "2006.04.29"]
[WhiteTeam "Wessex 1"]
[BlackTeam "Perceptron Yth"]

1. e4 c6 2. Nc3 d5 3. Qf3 d4 4. Bc4 e6 5. Nce2 c5 6. Qg3 Nc6 7. d3 g6 8. f4 b5
9. Bb3 Nf6 10. a3 Bb7 11. Nf3 c4 12. Ba2 Qb6 13. O-O Nxe4 14. dxe4 d3+ 15. Kh1
dxe2 16. Re1 Bg7 17. Rxe2 Nd4 18. Nxd4 Bxd4 19. c3 Bc5 20. Be3 O-O-O 21. Bxc5
Qxc5 22. Rae1 Rd3 23. Qf2 Qxf2 24. Rxf2 Rhd8 25. Kg1 Rd1 26. Rxd1 Rxd1+ 27. Rf1
Rxf1+ 28. Kxf1 Bxe4 29. Kf2 Kc7 30. b3 cxb3 31. Bxb3 Kc6 32. g3 Kc5 33. Ke3 Bd5
34. Bd1 f6 35. Be2 Bc4 36. Bd1 Bd5 37. Be2 e5 38. fxe5 fxe5 39. Kd2 Bc4 40. Bd1
Kd5 41. Ke3 a5 42. Bf3+ Kc5 43. Bg4 Bd5 44. Be2 Bg2 45. Kf2 Be4 46. Ke3 Bc2 47.
h4 Bb1 48. Bf1 Bc2 49. Kd2 Bb1 1/2-1/2

[Event "4NCL/Div2/WES1 vs. PYO"]
[Site "Birmingham ENG"]
[Date "2006.04.30"]
[Round "10.6"]
[White "Wells, Daniel"]
[Black "Yeo, Michael J"]
[Result "1-0"]
[WhiteElo "1988"]
[BlackElo "2208"]
[PlyCount "61"]
[EventDate "2006.04.30"]
[EventType "team"]
[EventRounds "11"]
[EventCountry "ENG"]
[SourceDate "2006.04.29"]
[WhiteTeam "Perceptron Yth"]
[BlackTeam "Wessex 1"]

1. e4 e5 2. Nf3 Nc6 3. Bb5 a6 4. Ba4 d6 5. Bxc6+ bxc6 6. d4 f6 7. Nc3 Ne7 8.
Be3 Ng6 9. Qd2 Be7 10. h4 h5 11. dxe5 fxe5 12. Ng5 Bd7 13. Ne2 Qb8 14. b3 a5
15. Ng3 a4 16. Nf5 Bf6 17. Rb1 d5 18. Bc5 Qb5 19. b4 dxe4 20. Ne3 Bxg5 21. hxg5
Be6 22. Rd1 Kf7 23. c4 Bxc4 24. Qd7+ Kg8 25. g3 Bf7 26. Qxc7 Qb8 27. Qxc6 Qe8
28. Qxe4 Bxa2 29. Nd5 Rd8 30. Nf6+ gxf6 31. Rxd8 1-0

[Event "4NCL/Div2/WES1 vs. PYO"]
[Site "Birmingham ENG"]
[Date "2006.04.30"]
[Round "10.7"]
[White "Neil, David R"]
[Black "Hulley, John"]
[Result "1-0"]
[WhiteElo "2181"]
[BlackElo "2055"]
[PlyCount "55"]
[EventDate "2006.04.30"]
[EventType "team"]
[EventRounds "11"]
[EventCountry "ENG"]
[SourceDate "2006.04.29"]
[WhiteTeam "Wessex 1"]
[BlackTeam "Perceptron Yth"]

1. c4 Nf6 2. Nc3 c5 3. g3 g6 4. Bg2 Bg7 5. e4 Nc6 6. f4 d6 7. Nf3 O-O 8. O-O
Rb8 9. d3 a6 10. h3 b5 11. Rb1 b4 12. Ne2 e5 13. g4 Ne8 14. f5 f6 15. fxg6 hxg6
16. Ng3 f5 17. Bg5 Qc7 18. exf5 gxf5 19. Nh4 f4 20. Ng6 Rf7 21. Bd5 Nd8 22.
Ne7+ Kh8 23. Ngf5 Nf6 24. Bxf6 Bxf6 25. Nxc8 Rxc8 26. g5 Bg7 27. Qh5+ Kg8 28.
g6 1-0

[Event "4NCL/Div2/WES1 vs. PYO"]
[Site "Birmingham ENG"]
[Date "2006.04.30"]
[Round "10.8"]
[White "Hutchinson, Joanne"]
[Black "Khoo, Selina"]
[Result "0-1"]
[WhiteElo "1715"]
[BlackElo "1958"]
[PlyCount "68"]
[EventDate "2006.04.30"]
[EventType "team"]
[EventRounds "11"]
[EventCountry "ENG"]
[SourceDate "2006.04.29"]
[WhiteTeam "Perceptron Yth"]
[BlackTeam "Wessex 1"]

1. d4 d5 2. c4 c6 3. Nc3 dxc4 4. e4 b5 5. f4 Nf6 6. e5 Nd5 7. Nf3 e6 8. a3 a6
9. Be2 Be7 10. O-O O-O 11. Qc2 Bb7 12. Nxd5 Qxd5 13. Be3 Qd8 14. Rac1 Nd7 15.
Ng5 Bxg5 16. fxg5 c5 17. Qc3 cxd4 18. Qxd4 Qc7 19. Bf4 Qc5 20. Rcd1 Rfd8 21.
Qf2 Qxf2+ 22. Rxf2 Nc5 23. Rff1 Rd5 24. Bf3 Rxd1 25. Rxd1 Bxf3 26. gxf3 Nd3 27.
Bc1 Nxe5 28. Kg2 Kf8 29. Be3 g6 30. Bc5+ Ke8 31. Rd6 Nd3 32. b4 Nxc5 33. bxc5
Rc8 34. Rxa6 c3 0-1